General Anatomy with Systemic Anatomy, Radiological Anatomy, Medical Genetics (Record no. 20908)

MARC details
000 -LEADER
fixed length control field 00402nam a22001577a 4500
003 - CONTROL NUMBER IDENTIFIER
control field SGT
020 ## - INTERNATIONAL STANDARD BOOK NUMBER
International Standard Book Number 9788131262436
082 ## - DEWEY DECIMAL CLASSIFICATION NUMBER
Classification number 611
Item number G18V
100 ## - MAIN ENTRY--PERSONAL NAME
Personal name Vishram Singh
245 ## - TITLE STATEMENT
Title General Anatomy with Systemic Anatomy, Radiological Anatomy, Medical Genetics
250 ## - EDITION STATEMENT
Edition statement 3RD
260 ## - PUBLICATION, DISTRIBUTION, ETC. (IMPRINT)
Place of publication, distribution, etc NEW DELHI
Name of publisher, distributor, etc Elsevier India
Year of Publication 2018
300 ## - PAGE DESCRIPTION
No. of Pages 1-248
650 ## - SUBJECT ADDED ENTRY--TOPICAL TERM
Topical term or geographic name as entry element General Anatomy
942 ## - ADDED ENTRY ELEMENTS (KOHA)
Source of classification or shelving scheme Dewey Decimal Classification
Koha item type Books
942 ## - ADDED ENTRY ELEMENTS (KOHA)
-- 4
Holdings
Withdrawn status Lost status Source of classification or shelving scheme Damaged status Not for loan Home library Current library Shelving location Date acquired Vendor Name Cost, normal purchase price SGTU Bill Number Total Checkouts Full call number Accession No. (Barcode) Date last seen Date last borrowed Bill Date Koha item type
    Dewey Decimal Classification     SGT Dental Library SGT Dental Library Text Book 05/03/2021 AHUJA BOOK COMPANY 735.00 SGTU 12616 1 611 G18V FD8297 19/01/2026 07/01/2026 27/01/2021 Books
    Dewey Decimal Classification     SGT Dental Library SGT Dental Library Text Book 05/03/2021 AHUJA BOOK COMPANY 735.00 SGTU 12616 7 611 G18V FD8298 19/01/2026 10/01/2026 27/01/2021 Books
    Dewey Decimal Classification     SGT Dental Library SGT Dental Library Text Book 05/03/2021 AHUJA BOOK COMPANY 735.00 SGTU 12616   611 G18V FD8299 05/03/2021   27/01/2021 Books